Un recorrido por la historia de la transferencia de calor, la refrigeración y la climatización / (Record no. 193021)
[ view plain ]
| 000 -LEADER | |
|---|---|
| campo de control de longitud fija | 01505nam a2200373 i 4500 |
| 001 - NÚMERO DE CONTROL | |
| campo de control | 193021 |
| 003 - IDENTIFICADOR DE NÚMERO DE CONTROL | |
| campo de control | ES-MaACL |
| 005 - FECHA Y HORA DE LA ÚLTIMA TRANSACCIÓN | |
| campo de control | 20240707063032.0 |
| 007 - CAMPO FIJO DE DESCRIPCIÓN FÍSICA--INFORMACIÓN GENERAL | |
| campo de control de longitud fija | ta |
| 008 - DATOS DE LONGITUD FIJA--INFORMACIÓN GENERAL | |
| campo de control de longitud fija | 230723s2013 xx f r 000 0 spa d |
| 020 ## - NÚMERO INTERNACIONAL ESTÁNDAR DEL LIBRO | |
| Número Internacional Estándar del Libro | 9788497609676 |
| 035 ## - NÚMERO DE CONTROL DEL SISTEMA | |
| Número de control de sistema | Rebiun28762457 |
| 040 ## - FUENTE DE CATALOGACIÓN | |
| Centro catalogador/agencia de origen | UVa |
| Lengua de catalogación | spa |
| Centro/agencia transcriptor | ES-MaACL |
| 080 ## - NÚMERO DE LA CLASIFICACIÓN DECIMAL UNIVERSAL | |
| Identificador de la edición | 536 |
| 080 ## - NÚMERO DE LA CLASIFICACIÓN DECIMAL UNIVERSAL | |
| Identificador de la edición | 621.5 |
| 245 13 - MENCIÓN DEL TÍTULO | |
| Título | Un recorrido por la historia de la transferencia de calor, la refrigeración y la climatización / |
| Mención de responsabilidad, etc. | Enrique Torrella, [et al.] ; Grupo de Ingeniería Térmica (Univ. Politécnica de Valencia y Univ. Jaume I) |
| 260 ## - PUBLICACIÓN, DISTRIBUCIÓN, ETC. | |
| Lugar de publicación, distribución, etc. | Madrid : |
| Nombre del editor, distribuidor, etc. | Universidad Politécnica de Valencia : |
| -- | Universidad Jaume I, |
| Fecha de publicación, distribución, etc. | [2013] |
| 300 ## - DESCRIPCIÓN FÍSICA | |
| Extensión | 141p. ; |
| Dimensiones | 24 cm |
| 336 ## - TIPO DE CONTENIDO | |
| Fuente | rdacontent |
| Término de tipo de contenido | Texto |
| 337 ## - TIPO DE MEDIO | |
| Fuente | rdamedia |
| Nombre/término del tipo de medio | sin mediación |
| 338 ## - TIPO DE SOPORTE | |
| Fuente | rdacarrier |
| Nombre/término del tipo de soporte | volumen |
| 500 ## - NOTA GENERAL | |
| Nota general | Catalogación provisional. Signatura: N 8533. Depósito J. |
| 650 07 - PUNTO DE ACCESO ADICIONAL DE MATERIA--TÉRMINO DE MATERIA | |
| Término de materia o nombre geográfico como elemento de entrada | Refrigeración- |
| Subdivisión general | Historia |
| 9 (RLIN) | 233823 |
| 650 07 - PUNTO DE ACCESO ADICIONAL DE MATERIA--TÉRMINO DE MATERIA | |
| Término de materia o nombre geográfico como elemento de entrada | Calor- |
| Subdivisión general | Transmisión |
| 9 (RLIN) | 165140 |
| 700 1# - ENTRADA AGREGADA--NOMBRE PERSONAL | |
| Nombre de persona | Torrella, Enrique |
| 9 (RLIN) | 233824 |
| 710 1# - ENTRADA AGREGADA--NOMBRE DE ENTIDAD CORPORATIVA | |
| Nombre de entidad corporativa o nombre de jurisdicción como elemento de entrada | Universidad Politécnica de Valencia. |
| Unidad subordinada | Grupo de Ingeniería Térmica |
| 9 (RLIN) | 233825 |
| 852 ## - LOCALIZACIÓN | |
| Ubicación | ES-MaACL |
| Sublocalización o colección | R 152751 |
| Ubicación en estantería | Depósito J |
| Número de control de estantería | N 8533 |
| Donativo/Legado | Donación: Enrique Torrella |
| Nota libre | En proceso |
| itemnumber | 200326 |
| 903 ## - NOMBRE PERSONAL DE DONANTE | |
| 9 | 233824 |
| a | Torrella, Enrique |
| e | Donante |
| 942 ## - ELEMENTOS DE ENTRADA SECUNDARIOS (KOHA) | |
| Suprimir en OPAC | No |
| Tipo de ítem Koha | Libro impreso |
| Estatus retirado | Estado de pérdida | Fuente del sistema de clasificación o colocación | Estado de daño | No para préstamo | Colección | Biblioteca de origen | Biblioteca actual | Ubicación en estantería | Fecha de adquisición | Fuente de adquisición | Total de préstamos | Signatura topográfica completa | Código de barras | Visto por última vez | Precio de reemplazo | Tipo de ítem Koha |
|---|---|---|---|---|---|---|---|---|---|---|---|---|---|---|---|---|
| Clasificación decimal universal | Libros con dedicatorias | Biblioteca del Ateneo de Madrid | Biblioteca del Ateneo de Madrid | Depósito J | 28/06/2019 | Donación | N-8533 | 101205619 | 23/07/2023 | 23/07/2023 | Libro impreso |
